| 000 | 01406cam a2200133 4500500 | ||
|---|---|---|---|
| 005 | 20260322000344.0 | ||
| 041 | _afre | ||
| 042 | _adc | ||
| 100 | 1 | 0 |
_ade Luca Bernier, Catherine _eauthor |
| 245 | 0 | 0 | _aHommage à La Borde : La psychothérapie institutionnelle en acte |
| 260 |
_bChamp social,
_c2024. |
||
| 520 | _aTémoigner d’une expérience avec la Psychothérapie institutionnelle, en montrer son actualité et sa pertinence en différents champs (psychiatrique, pédagogique, rééducatif) : telle est l’intention de cet ouvrage. On y trouvera un recueil de vignettes cliniques, évoquant des existences singulières, situées pour la plupart à La Borde ou ailleurs, toujours empreintes des concepts qui y ont cours et témoignent de "la même logique" (Oury). Toutes s’originent de la praxis issue de la Psychothérapie institutionnelle et de la Pédagogie institutionnelle. Au-delà d’une illustration de concepts, ces différentes vignettes tentent de les actualiser dans une métapsychologie en acte avec le tissage d’éléments biographiques, historiques, psychopathologiques, voire oniriques. On y trouvera aussi quelques réflexions articulant l’histoire, le destin, la liberté et la folie dans les pas du chemin tracé par Jean Oury, voie sans itinéraire. | ||
| 856 | 4 | 1 | _uhttps://shs.cairn.info/hommage-a-la-borde--9791034608973?lang=fr&redirect-ssocas=7080 |
| 999 |
_c1705466 _d1705466 |
||